| 000 | 00450nam a2200205Ia 4500 | ||
|---|---|---|---|
| 001 | 12734 | ||
| 003 | GE_BSU | ||
| 008 | 181216s||||||||xx |||||||||||||| ||und|| | ||
| 020 | _a9780340937297 | ||
| 040 | _cGE_BSU | ||
| 080 | _a821.111-312.4 | ||
| 100 | _aDeaver,Jeffery | ||
| 245 | 4 | _aThe Burning Wire | |
| 260 | _aLondon | ||
| 260 | _bHodder & Stoughton | ||
| 260 | _c2010 | ||
| 300 | _a415p.24cm. | ||
| 653 | _aThe Burning Wire | ||
| 942 | _cBK | ||
| 999 |
_c45905 _d45905 |
||